| LEADER 00000nam 2200000uu 4500 |
| 001 13399114212 |
| 003 BCNR |
| 008 111104s2008||||th 000 0 eng d |
| 020 974933258X
|
| 060 04 WA541.JT3^bK81d 2008
|
| 100 0 Komatra Chuengsatiansup
|
| 245 10 Deliberative action :^bcivil society and health systems reform in Thailand /^cKomatra Chuengsatiansup
|
| 246 31 Civil society and health systems reform in Thailand
|
| 250 2nd ed
|
| 260 Nonthaburi :^bSociety and Health Institute (SHI),^cc2008
|
| 300 xv, 192 p. ;^c21 cm.
|
| 650 2 Health Systems Plans^zThailand
|
| 710 2 Society and Health Institute (SHI)
|
| 999 ^aบรรณารักษ์
|